Normal view
MARC view
- Mahnoor Ali
Entry Personal Name
001 - CONTROL NUMBER
- control field: 93214
003 - CONTROL NUMBER IDENTIFIER
- control field: NUST
005 - DATE AND TIME OF LATEST TRANSACTION
- control field: 20220706114112.0
008 - FIXED-LENGTH DATA ELEMENTS
- fixed length control field: 220706|| aca||aabn | a|a d
040 ## - CATALOGING SOURCE
- Original cataloging agency: NUST
- Transcribing agency: NUST
100 ## - HEADING--PERSONAL NAME
- Personal name: Mahnoor Ali
670 ## - SOURCE DATA FOUND
- Source citation: Work cat.: (NUST)13634: Asad Tariq 92136, Handmade: Hand deformities monitoring glove, 2016
